000 00951nam a2200181 a 4500
001 45251
005 20180714024400.0
008 140415s2001 000 0 spa d
020 _a0911560025
041 _aspa
082 _a299.936
_bLIB
245 0 3 _aEL LIBRO DE URANTIA
250 _a1a ed.
260 _a[s.l.] :
_bINDETERMINADO,
_c2001
300 _a656
_c21.2 x 13.6 x 4.4
520 _aEN LA MENTE DE LOS HOMBRES DE URANTIA SIENDO ÉSTE EL NOMBRE DE VUESTRO MUNDO. EXISTE GRAN CONFUSIÓN EN CUANTO AL SIGNIFICADO DE TERMINOS TALES COMO DIOS, DIVINIDAD Y DEIDAD LOS SERES HUMANOS ESTÁN AÚN MÁS CONFUNDIDOS EN CIERTOS ACERCA DE LAS RELACIONES DE LAS PERSONALIDADES DIVINAS DESIGNADAS POR ESTOS NUMEROSOS APELATIVOS, DEBIDO A ESTA POBREZA CONCEPTUAL ASOCIADA CON TAL CONFUSIÓN IDEACIONAL, SE ME HA EXHORTADO A QUE FORMULE ESTA DECLARACIÓN INTRODUCTORIA COMO EXPLICACIÓN DE LOS SIGN
650 1 4 _aRELIGIONES UNIVERSALES
999 _c45251
_d45251